Experiencias de la integración económica en América Latina

Saved in:
Bibliografiske detaljer
Hovedforfatter: Dell, Sidney (Author)
Format: Bog
Sprog:spansk
Udgivet: Ciudad de México Cemla 1966
Serier:Estudios
Fag:
Tags: Tilføj Tag
Ingen Tags, Vær først til at tagge denne postø!

MARC

LEADER 00000nam a2200000 a 4500
001 UCT8541
003 CL-VaPUC
008 970326e19660000MX |||||||||||||||||spa|d
082 0 4 |a 337.1  |b DEL  |2 21 
100 0 |a Dell, Sidney  |e author  |9 380296 
245 1 0 |a Experiencias de la integración económica en América Latina 
300 |a 374 p 
942 |c BK 
945 |d 19970326 00:00:00  |a paguirre 
260 |a Ciudad de México  |b Cemla  |c 1966 
650 0 |a Integración económica  |9 255024 
650 0 |a Integración regional  |9 376371 
650 7 |a RELACIONES ECONOMICAS INTERNACIONALES  |2 CL-VaPUC  |9 315315 
650 0 |a COOPERACION ECONOMICA  |9 307939 
650 0 |a Política comercial  |9 259070 
650 0 |a Libre comercio  |9 323018 
650 0 |a Desarrollo económico y social   |9 256320 
651 0 |a América Latina   |9 255027 
583 |a last modification  |c 19970326 00:00:00  |k Rodrigo Vera 
490 0 |a Estudios 
999 |c 257032  |d 257030 
952 |0 0  |1 0  |4 0  |6 337_100000000000000_DEL_1966  |7 0  |8 A  |9 280260  |a BIBDER  |b BIBDER  |d 2019-11-19  |i 1810871  |l 3  |m 2  |o 337.1 DEL 1966  |p 1810871  |r 2024-01-04  |s 2023-10-24  |w 2019-11-19  |y BK  |k DER